000
00208nam a22001097a 4500
100
_a
Chanakya
245
_a
Chanakya Niti
250
_a
2014
260
_b
Rojgar Prakashan
300
_a
336
942
_2
ddc
_c
BK
999
_c
11747
_d
11747